000 00629nam a2200277Ia 4500
005 20260324141543.0
008 008 260324s9999 xx 000 0 eng d
020 _a9781315051482
037 _aEBOOK
040 _aCRL
040 _beng
040 _cCRL
041 _2eng
041 _aeng
084 _qCRL
100 _aMarilyn McShane
_91208624
245 4 _aThe American Court System
260 _bTaylor and Francis
260 _c1997
365 _a
365 _b300
856 _uhttp://www.taylorfrancis.com/books/9781315051482
942 _cEBOOK
999 _c1811848
_d1811848